000
00302nam a2200121Ia 4500
005
20251222153642.0
008
251222s9999||||xx |||||||||||||| ||spa||
082
_a
320.985/U61
245
0
_a
Sociedad, Partidos y Estado en el PerĂº
250
_a
1ra. ed.
264
_b
Universidad de Lima
942
_c
LIB
999
_c
32798
_d
32798